000 00421nam a2200133Ia 4500
008 210210b1984 xxu||||| |||| 00| 0 eng d
082 _a303.484 RAOS
100 _aRAO (M S A).
245 _aSocial movements in India. studies in peasant, backward classes, secretarian, tribal & women's movements.
260 _aNew Delhi.
_bManohar Publications.,
_c1984
300 _axxx,435
690 _aSocial Change
906 _a037808
999 _c87856
_d87856